000 00695cam a22002291 4500
999 _c128711
_d128711
001 7509468
003 ARRUPE
005 20181205091503.0
008 740723s1963 mau 000 1 eng
010 _a 63021529
035 _a(OCoLC)959179
040 _aDLC
_cOKentU
_dOCoLC
_dDLC
042 _apremarc
050 0 0 _aPS3507.O686 S5
100 1 _aDonleavy, J. P.
_q(James Patrick),
_d1926-2017.
_943774
245 1 2 _aA singular man.
_cj.P. Donleavy
260 _aMiddlesex,
_bPenguin Books
_c1966
300 _a348p. ;
_c18 cm.
906 _a7
_bcbc
_coclcrpl
_du
_encip
_f19
_gy-gencatlg
942 _2lcc
_cMONOGRAPH